[Event "IV C.to Unione Europea"]
[Site "Liverpool ENG"]
[Date "2008.09.14"]
[Round "6"]
[White "Peek, Marcel"]
[Black "Godena, Michele"]
[Result "0-1"]
[WhiteElo "2370"]
[BlackElo "2519"]
[PlyCount "92"]
[EventDate "2008.09.09"]

1. d4 d5 2. c4 e6 3. Nf3 Nf6 4. Nc3 c6 5. Bg5 h6 6. Bxf6 Qxf6 7. e3 Nd7 8. Bd3
dxc4 9. Bxc4 g6 10. O-O Qe7 11. e4 Bg7 12. e5 O-O 13. Re1 Rd8 14. Qe2 Rb8 15.
Bd3 b6 16. Rac1 Bb7 17. Be4 b5 18. Red1 a6 19. Nb1 Rdc8 20. Nbd2 Ba8 21. Qe3 c5
22. Bxa8 Rxa8 23. Ne4 cxd4 24. Qxd4 Rxc1 25. Rxc1 Nxe5 26. Nxe5 Rd8 27. Qc3 b4
28. Qg3 Qc7 29. Qf4 Qxe5 30. Qxe5 Bxe5 31. b3 f5 32. Nc5 Rd2 33. Nxa6 Bc3 34.
g3 e5 35. f3 Rxa2 36. Nc5 Rb2 37. Kh1 Rf2 38. Rd1 Rxf3 39. Kg2 e4 40. Rd6 Kf7
41. Rd7+ Ke8 42. Rd6 g5 43. g4 fxg4 44. Rxh6 e3 45. Re6+ Kf7 46. Re4 Rf4 0-1

[Event "IV C.to Unione Europea"]
[Site "Liverpool ENG"]
[Date "2008.09.14"]
[Round "6"]
[White "Rizzi, Volfango"]
[Black "Limontaite, Simona"]
[Result "0-1"]
[WhiteElo "1790"]
[BlackElo "2200"]
[PlyCount "104"]
[EventDate "2008.09.09"]

1. e4 c5 2. Nf3 Nc6 3. Nc3 e5 4. Bc4 d6 5. d3 Be7 6. O-O h6 7. h3 Nf6 8. Nd5
O-O 9. c3 Na5 10. Bb3 Nxb3 11. Nxf6+ Bxf6 12. Qxb3 b6 13. a4 Be6 14. c4 a6 15.
Qc2 b5 16. axb5 axb5 17. Rxa8 Qxa8 18. b3 Rb8 19. Bb2 Qb7 20. Bc3 bxc4 21. bxc4
Qb3 22. Qxb3 Rxb3 23. Rc1 Ra3 24. Ne1 Bg5 25. Rc2 Rxc3 26. Rxc3 Bd2 27. Ra3
Bxe1 28. Ra6 h5 29. Rxd6 h4 30. Kf1 Bc3 31. Rc6 Bd4 32. Rd6 Kh7 33. Rd8 Kg6 34.
Rd6 Kg5 35. Rd8 g6 36. Rd6 Kf4 37. Rb6 g5 38. Ra6 g4 39. hxg4 Kxg4 40. Ke2 Kf4
41. Ra8 Bg4+ 42. Ke1 h3 43. gxh3 Bc3+ 44. Kf1 Bxh3+ 45. Kg1 Kf3 46. Rg8 Bg4 47.
Rf8 Ke2 48. Rxf7 Bf3 49. Rf5 Bd4 50. Kh2 Kxf2 51. Kh3 Ke3 52. Kg3 Be2 0-1

[Event "IV C.to Unione Europea"]
[Site "Liverpool ENG"]
[Date "2008.09.15"]
[Round "7"]
[White "Di Michele, Rocco"]
[Black "Rizzi, Volfango"]
[Result "1/2-1/2"]
[WhiteElo "2096"]
[BlackElo "1790"]
[PlyCount "88"]
[EventDate "2008.09.09"]

1. b3 d5 2. Bb2 c5 3. e3 Nf6 4. f4 Nc6 5. Bb5 Bd7 6. Nf3 e6 7. O-O Be7 8. d3
O-O 9. Bxc6 Bxc6 10. Ne5 Rc8 11. Nd2 Nd7 12. Nxc6 Rxc6 13. Rf3 Bf6 14. d4 cxd4
15. exd4 b5 16. Rh3 g6 17. Nf3 Bg7 18. Ba3 Re8 19. Ne5 Nxe5 20. fxe5 f6 21. Qe2
fxe5 22. dxe5 Qc7 23. Qxb5 Bxe5 24. Rf1 Qb6+ 25. Qxb6 axb6 26. Rc1 Ra8 27. Bb4
Rxa2 28. c3 Rb2 29. Ra1 Rxb3 30. Ra8+ Kg7 31. Bf8+ Kf6 32. Rf3+ Kg5 33. Be7+
Kh6 34. Bf8+ Kg5 35. Be7+ Kh6 36. Rh3+ Kg7 37. Bf8+ Kf6 38. Rf3+ Kg5 39. Be7+
Kg4 40. h3+ Kh5 41. g4+ Kh6 42. Bf8+ Kg5 43. Be7+ Kh6 44. Bf8+ Kg5 1/2-1/2

[Event "IV C.to Unione Europea"]
[Site "Liverpool ENG"]
[Date "2008.09.15"]
[Round "7"]
[White "Godena, Michele"]
[Black "Bitalzadeh, Ali"]
[Result "1-0"]
[WhiteElo "2519"]
[BlackElo "2310"]
[PlyCount "93"]
[EventDate "2008.09.09"]

1. e4 e6 2. d4 d5 3. Nd2 Nf6 4. e5 Nfd7 5. Bd3 c5 6. c3 Nc6 7. Ne2 cxd4 8. cxd4
f6 9. exf6 Nxf6 10. Nf3 Bd6 11. O-O Qc7 12. Bg5 O-O 13. Bh4 Nh5 14. Qc2 h6 15.
Bh7+ Kh8 16. Bg6 Rxf3 17. Bxh5 Rf8 18. Bg3 Bd7 19. Rac1 Rf6 20. Qd2 Raf8 21.
Rc3 Bxg3 22. hxg3 Qb6 23. Rf3 Na5 24. Nf4 Nc4 25. Qd3 Kg8 26. Ng6 Rxf3 27. Ne7+
Kh8 28. Ng6+ Kg8 29. gxf3 Rf6 30. Ne7+ Kh8 31. Ng6+ Kg8 32. Ne7+ Kh8 33. b3 Nd6
34. Rc1 Nf5 35. Ng6+ Kg8 36. Rc5 Nd6 37. Ne7+ Kf8 38. Ng6+ Kg8 39. Ne5 Qd8 40.
Qc2 Rf8 41. Bg4 Rf6 42. Nxd7 Qxd7 43. Rxd5 Qe7 44. Re5 Nf7 45. Bxe6 Rxf3 46.
Qc8+ Qf8 47. Bxf7+ 1-0

[Event "IV C.to Unione Europea"]
[Site "Liverpool ENG"]
[Date "2008.09.16"]
[Round "8"]
[White "Benson, Oisin P."]
[Black "Di Michele, Rocco"]
[Result "1-0"]
[WhiteElo "1852"]
[BlackElo "2096"]
[PlyCount "93"]
[EventDate "2008.09.09"]

1. d4 d5 2. c4 c6 3. Nc3 Nf6 4. Nf3 dxc4 5. e3 Bg4 6. Bxc4 e6 7. h3 Bh5 8. O-O
Be7 9. b3 O-O 10. Bb2 Nbd7 11. Be2 Qc7 12. Rc1 Rac8 13. Qc2 Bd6 14. Qb1 Qa5 15.
Rfd1 Rfd8 16. Nd2 Bg6 17. Bd3 Bxd3 18. Qxd3 Bb8 19. Qe2 e5 20. dxe5 Qxe5 21.
Nf3 Qh5 22. Nd4 Qg6 23. b4 c5 24. bxc5 Rxc5 25. Nf3 Rh5 26. Kf1 Re8 27. Nb5 Nd5
28. Rd4 a6 29. Rg4 Qb6 30. Bxg7 f5 31. Bd4+ fxg4 32. Bxb6 N5xb6 33. Nfd4 Nf6
34. Nc7 Re7 35. Nce6 gxh3 36. gxh3 Rxh3 37. Qc2 Rh2 38. Qc5 Nbd5 39. Qc8+ Re8
40. Qxb7 Ne7 41. Ke2 Ng4 42. Rg1 h5 43. Qf3 Ng6 44. Rxg4 hxg4 45. Qf6 Nf4+ 46.
exf4 Rxe6+ 47. Nxe6 1-0

[Event "IV C.to Unione Europea"]
[Site "Liverpool ENG"]
[Date "2008.09.16"]
[Round "8"]
[White "Fridman, Daniel"]
[Black "Godena, Michele"]
[Result "1/2-1/2"]
[WhiteElo "2637"]
[BlackElo "2519"]
[PlyCount "95"]
[EventDate "2008.09.09"]

1. d4 d5 2. c4 e6 3. Nf3 Nf6 4. Nc3 c6 5. Bg5 h6 6. Bxf6 Qxf6 7. g3 Nd7 8. Bg2
dxc4 9. O-O Be7 10. Ne4 Qf5 11. Ned2 e5 12. Nxc4 exd4 13. Nxd4 Qf6 14. e3 O-O
15. Qh5 Nb6 16. Nd2 Qg5 17. Qe2 Bg4 18. f3 Bd7 19. f4 Qa5 20. a3 c5 21. b4 cxb4
22. N2b3 Qa4 23. axb4 Qxb4 24. Bxb7 Rae8 25. Rxa7 Bf6 26. Bf3 Ba4 27. Qd3 Bxb3
28. Nxb3 Rd8 29. Nd4 Bxd4 30. exd4 Rxd4 31. Qe3 Nd5 32. Qa3 Qxa3 33. Rxa3 Nf6
34. Ra7 Rd7 35. Rxd7 Nxd7 36. Ra1 Nf6 37. g4 Rb8 38. g5 hxg5 39. fxg5 Nh7 40.
h4 Nf8 41. Kf2 g6 42. Ra7 Rd8 43. Bc6 Ne6 44. Ke3 Rc8 45. Bd5 Re8 46. Bc6 Rc8
47. Bb5 Rc7 48. Rxc7 1/2-1/2

[Event "IV C.to Unione Europea"]
[Site "Liverpool ENG"]
[Date "2008.09.17"]
[Round "9"]
[White "Di Michele, Rocco"]
[Black "Ringoir, Guy"]
[Result "0-1"]
[WhiteElo "2096"]
[BlackElo "1944"]
[PlyCount "154"]
[EventDate "2008.09.09"]

1. d4 Nf6 2. c4 c5 3. d5 e6 4. Nc3 exd5 5. cxd5 d6 6. e4 g6 7. f4 Bg7 8. Nf3
O-O 9. Bd3 Bg4 10. O-O Nbd7 11. h3 Bxf3 12. Qxf3 Re8 13. Be3 a6 14. a4 b6 15.
g4 Qc7 16. Rae1 c4 17. Bb1 Rab8 18. Bd4 b5 19. axb5 axb5 20. Ne2 Nc5 21. e5
Nfd7 22. exd6 Qxd6 23. Bxg7 Kxg7 24. Nd4 Nf6 25. Re5 Nfd7 26. Rxe8 Rxe8 27.
Nxb5 Qb6 28. Qc3+ Kg8 29. Qxc4 Nb3+ 30. Rf2 Nd2 31. Qc6 Qe3 32. Qc3 Nxb1 33.
Qxe3 Rxe3 34. Rc2 Rd3 35. d6 Rd5 36. Rc8+ Kg7 37. Nc7 Rd1+ 38. Kg2 Rd2+ 39. Kg3
Nf6 40. Kf3 Rxd6 41. g5 Rd3+ 42. Ke2 Rd2+ 43. Kf3 Rxb2 44. gxf6+ Kxf6 45. Nd5+
Kg7 46. Ne3 Nd2+ 47. Kg4 h5+ 48. Kg3 Rb3 49. Kf2 Ne4+ 50. Ke2 Nf6 51. Rc4 Rb2+
52. Kf3 Rb3 53. Ke2 Ra3 54. h4 Ng4 55. Nxg4 hxg4 56. Kf2 f5 57. Rc7+ Kh6 58.
Kg2 Rh3 59. Rc8 Kg7 60. Rc7+ Kg8 61. Rc6 Kf7 62. Rc7+ Ke6 63. Rh7 Kd5 64. Rh6
Ke4 65. Rxg6 Rxh4 66. Ra6 Kxf4 67. Ra4+ Kg5 68. Ra5 Rh3 69. Rb5 Re3 70. Ra5 Kf4
71. Rb5 Re2+ 72. Kf1 Ra2 73. Rb3 g3 74. Kg1 Kg4 75. Kh1 Kh3 76. Rb1 f4 77. Rg1
Rh2# 0-1

[Event "IV C.to Unione Europea"]
[Site "Liverpool ENG"]
[Date "2008.09.17"]
[Round "9"]
[White "Godena, Michele"]
[Black "Bacrot, Etienne"]
[Result "0-1"]
[WhiteElo "2519"]
[BlackElo "2691"]
[PlyCount "72"]
[EventDate "2008.09.09"]

1. e4 Nf6 2. e5 Nd5 3. d4 d6 4. Nf3 dxe5 5. Nxe5 c6 6. Nd2 g6 7. Ndf3 Bg7 8.
Bc4 O-O 9. O-O Nd7 10. Nd3 b5 11. Bb3 a5 12. a3 N7b6 13. Nfe5 Qc7 14. Re1 Bf5
15. c3 Rad8 16. Qe2 a4 17. Ba2 f6 18. Nf3 Kh8 19. Nc5 e5 20. dxe5 fxe5 21. Bg5
Rde8 22. Nh4 e4 23. Rad1 Re5 24. Nxf5 Rfxf5 25. h4 e3 26. f4 Re8 27. h5 h6 28.
hxg6 hxg5 29. Qh5+ Kg8 30. fxg5 Qg3 31. Bxd5+ cxd5 32. Kh1 Rf2 33. Rg1 Rf4 34.
Qh7+ Kf8 35. Rdf1 e2 36. Rxf4+ Qxf4 0-1

[Event "IV C.to Unione Europea"]
[Site "Liverpool ENG"]
[Date "2008.09.17"]
[Round "9"]
[White "Van Kemenade, Rudy"]
[Black "Rizzi, Volfango"]
[Result "1-0"]
[WhiteElo "1971"]
[BlackElo "1790"]
[PlyCount "47"]
[EventDate "2008.09.09"]

1. e4 e5 2. Nf3 Nc6 3. Bb5 Nf6 4. d3 d6 5. c3 Be7 6. O-O O-O 7. Re1 a6 8. Ba4
b5 9. Bc2 Re8 10. Nbd2 Bf8 11. Nf1 Ne7 12. a4 Bb7 13. Nh4 d5 14. Qf3 c5 15. Bg5
Ng6 16. Nf5 d4 17. cxd4 cxd4 18. N1g3 h6 19. Nxh6+ gxh6 20. Bxf6 Qb6 21. Bb3
bxa4 22. Bxf7+ Kh7 23. Bxg6+ Kxg6 24. Qf5+ 1-0

[Event "IV C.to Unione Europea"]
[Site "Liverpool ENG"]
[Date "2008.09.18"]
[Round "10"]
[White "Soikkeli, Raino"]
[Black "Di Michele, Rocco"]
[Result "0-1"]
[WhiteElo "1738"]
[BlackElo "2096"]
[PlyCount "80"]
[EventDate "2008.09.09"]

1. e4 e5 2. Nc3 Nf6 3. f4 d5 4. fxe5 Nxe4 5. Nf3 Nc6 6. d4 Bf5 7. Bb5 Qd7 8.
O-O O-O-O 9. Ne2 Be7 10. c3 a6 11. Ba4 g5 12. b4 g4 13. Nd2 b5 14. Bc2 Bg6 15.
Nxe4 dxe4 16. a4 Kb7 17. axb5 axb5 18. Bh6 Bh4 19. Qb1 e3 20. Bxe3 Ra8 21. Rxa8
Rxa8 22. Bxg6 hxg6 23. Nc1 Qd5 24. Nb3 Ra3 25. Nc5+ Kc8 26. Bd2 Nxe5 27. Qe4
Qxe4 28. Nxe4 f5 29. Ng3 Nc4 30. Be1 Ne3 31. Rf2 Ra1 32. Re2 f4 33. Kf2 fxg3+
34. hxg3 Bg5 35. Kg1 Nd5 36. Re5 Bd2 37. Kh2 Bxe1 38. Rxd5 Bxc3 39. Rxb5 Bxd4
40. Rg5 Bg1+ 0-1

[Event "IV C.to Unione Europea"]
[Site "Liverpool ENG"]
[Date "2008.09.18"]
[Round "10"]
[White "Wells, Daniel J."]
[Black "Rizzi, Volfango"]
[Result "1-0"]
[WhiteElo "2016"]
[BlackElo "1790"]
[PlyCount "33"]
[EventDate "2008.09.09"]

1. e4 e5 2. Nf3 Nc6 3. Bb5 Nf6 4. O-O d6 5. Re1 g6 6. d4 exd4 7. e5 Nd5 8. Nxd4
Qd7 9. exd6+ Kd8 10. Bg5+ f6 11. Nxc6+ bxc6 12. Qxd5 cxd5 13. Bxf6+ Be7 14.
dxe7+ Ke8 15. Bxd7+ Bxd7 16. Bxh8 Kf7 17. Bd4 1-0

[Event "Open SSM Autunno"]
[Site "Milano ITA"]
[Date "2008.09.26"]
[Round "6"]
[White "Agrifoglio, Fabio"]
[Black "Villalba, Fernando"]
[Result "1-0"]
[WhiteElo "2017"]
[BlackElo "1847"]
[PlyCount "43"]
[EventDate "2008.09.09"]

1. d4 Nf6 2. c4 e6 3. Nc3 b6 4. e4 Bb4 5. Bd3 Bb7 6. Qc2 Bxc3+ 7. bxc3 d5 8.
cxd5 exd5 9. e5 Nfd7 10. Nf3 h6 11. Ba3 c5 12. e6 fxe6 13. Bg6+ Kf8 14. O-O Kg8
15. Rfe1 Qf6 16. Re3 Nf8 17. Ne5 Nxg6 18. Nxg6 Nd7 19. Nxh8 Kxh8 20. Rae1 Re8
21. Qa4 Qf7 22. Qxa7 1-0

[Event "Open SSM Autunno"]
[Site "Milano ITA"]
[Date "2008.09.30"]
[Round "7"]
[White "Ciciotti, Augusto"]
[Black "Agrifoglio, Fabio"]
[Result "0-1"]
[WhiteElo "1911"]
[BlackElo "2017"]
[PlyCount "74"]
[EventDate "2008.09.09"]

1. d4 d6 2. c4 g6 3. e4 Bg7 4. Nc3 c6 5. Nf3 Bg4 6. Be2 Qb6 7. d5 Nd7 8. Qc2 c5
9. O-O Ngf6 10. h3 Bxf3 11. Bxf3 O-O 12. b3 a6 13. Bb2 Qc7 14. Be2 e5 15. Rad1
Bh6 16. Bc1 Bxc1 17. Qxc1 Kg7 18. f4 h6 19. Rd3 Nh7 20. Rg3 exf4 21. Qxf4 Ne5
22. Nd1 g5 23. Ne3 Kh8 24. Qf2 Rg8 25. Nf5 Rg6 26. Bh5 Rf6 27. Qe2 Rg8 28. Qe3
Qd8 29. Rc1 a5 30. Rc3 Re8 31. Qd2 Rg8 32. Qe3 Qf8 33. Qe1 Qd8 34. Rce3 Nf8 35.
Qc3 Kh7 36. Kh2 Nfg6 37. Bxg6+ fxg6 0-1

[Event "Open SSM Autunno"]
[Site "Milano ITA"]
[Date "2008.10.04"]
[Round "8"]
[White "Agrifoglio, Fabio"]
[Black "Papale, Carmelo"]
[Result "1-0"]
[WhiteElo "2017"]
[BlackElo "1876"]
[PlyCount "71"]
[EventDate "2008.09.09"]

1. d4 Nf6 2. c4 c5 3. d5 b5 4. cxb5 a6 5. b6 Qxb6 6. Nc3 g6 7. a4 Bg7 8. a5 Qd8
9. e4 d6 10. Bc4 Nbd7 11. f4 O-O 12. Nf3 Ne8 13. O-O Nc7 14. Re1 Nb5 15. Nxb5
axb5 16. Bxb5 Rxa5 17. Rxa5 Qxa5 18. Qe2 Nf6 19. Bd2 Qb6 20. Qc4 Bg4 21. Bc3
Rb8 22. Bc6 Bc8 23. Ra1 e6 24. Qa4 exd5 25. exd5 h6 26. h3 Bf5 27. Qc4 Qb3 28.
Qxb3 Rxb3 29. Ra8+ Kh7 30. Nd2 Rb6 31. Nc4 Rb3 32. Nxd6 Ne4 33. Bxg7 Kxg7 34.
Ne8+ Kh7 35. d6 Rd3 36. Bxe4 1-0

[Event "VII Open A"]
[Site "Bergamo ITA"]
[Date "2008.09.12"]
[Round "1"]
[White "Astengo, Corrado"]
[Black "Sala, Marcello"]
[Result "1-0"]
[WhiteElo "2121"]
[BlackElo "1831"]
[PlyCount "91"]
[EventDate "2008.09.12"]

1. d4 Nf6 2. c4 g6 3. Nc3 d5 4. cxd5 Nxd5 5. e4 Nxc3 6. bxc3 Bg7 7. Bc4 c5 8.
Ne2 O-O 9. O-O Nc6 10. Be3 Qc7 11. Rc1 Rd8 12. f4 Bg4 13. Kh1 e6 14. h3 Bxe2
15. Bxe2 cxd4 16. cxd4 Qa5 17. Qb3 Nxd4 18. Bxd4 Bxd4 19. Qxb7 Qxa2 20. Bc4 Qb2
21. Qxb2 Bxb2 22. Rc2 Rdb8 23. f5 Rb6 24. fxe6 fxe6 25. Bxe6+ Rxe6 26. Rxb2
Rxe4 27. Rb7 a5 28. Rff7 Rh4 29. Rg7+ Kf8 30. Rbf7+ Ke8 31. Rb7 Kf8 32. Kh2 a4
33. g3 Rc4 34. Rxh7 Kg8 35. Rbg7+ Kf8 36. h4 Ra6 37. Rb7 Kg8 38. Rhd7 Rc8 39.
Rg7+ Kf8 40. Rbf7+ Ke8 41. Rh7 a3 42. Rb7 Rf6 43. Ra7 Rf3 44. Kg2 Rf6 45. Rxa3
Rf7 46. Re3+ 1-0

[Event "VII Open A"]
[Site "Bergamo ITA"]
[Date "2008.09.12"]
[Round "1"]
[White "Borgo, Giulio"]
[Black "De Palma, Fabrizio"]
[Result "1-0"]
[WhiteElo "2442"]
[BlackElo "2005"]
[PlyCount "57"]
[EventDate "2008.09.12"]

1. e4 g6 2. d4 Bg7 3. Nf3 d6 4. c3 Nd7 5. Bg5 h6 6. Bh4 a6 7. Bc4 g5 8. Bg3 e6
9. Nbd2 Ne7 10. h4 Ng6 11. hxg5 hxg5 12. Rxh8+ Bxh8 13. Nh2 Nb6 14. Bb3 Qe7 15.
Qh5 Bd7 16. Nhf3 O-O-O 17. Qxg5 Bf6 18. Qe3 e5 19. dxe5 dxe5 20. Nc4 Bc6 21.
Nxb6+ cxb6 22. Rd1 Rxd1+ 23. Kxd1 Qc7 24. Qd3 Nf8 25. Nd2 Nd7 26. Qf3 Qd6 27.
Bd5 b5 28. Kc2 Nb6 29. Bxf7 1-0

[Event "VII Open A"]
[Site "Bergamo ITA"]
[Date "2008.09.12"]
[Round "1"]
[White "Bozzali, Ermanno"]
[Black "Cardani, Roberto"]
[Result "1-0"]
[WhiteElo "2148"]
[BlackElo "1919"]
[PlyCount "83"]
[EventDate "2008.09.12"]

1. d4 Nf6 2. Nf3 g6 3. Bf4 Bg7 4. e3 O-O 5. h3 d6 6. Be2 Nbd7 7. O-O Qe8 8. c4
e5 9. Bh2 Ne4 10. Qc2 f5 11. Nc3 Nxc3 12. bxc3 e4 13. Nd2 Qe7 14. c5 dxc5 15.
Bxc7 Nf6 16. Be5 Nd5 17. Qb3 Be6 18. c4 Nb6 19. Bxg7 Kxg7 20. d5 Bg8 21. Rab1
Rab8 22. Qc3+ Kh6 23. f4 exf3 24. Rxf3 Nd7 25. e4 Qe5 26. Qe3+ Kg7 27. exf5
Qxe3+ 28. Rxe3 Rxf5 29. Bg4 Re5 30. Ra3 Nf6 31. Rxa7 Nxg4 32. Raxb7+ Rxb7 33.
Rxb7+ Kf6 34. hxg4 Re2 35. Nf3 g5 36. Rb6+ Ke7 37. Nxg5 Rxa2 38. Rb7+ Kd6 39.
Rb8 h6 40. Nf3 Bh7 41. Rb6+ Kc7 42. Rc6+ 1-0

[Event "VII Open A"]
[Site "Bergamo ITA"]
[Date "2008.09.12"]
[Round "1"]
[White "Brugo, Marco"]
[Black "Kogan, Artur"]
[Result "1-0"]
[WhiteElo "2107"]
[BlackElo "2569"]
[PlyCount "83"]
[EventDate "2008.09.12"]

1. d4 Nf6 2. c4 e6 3. Nc3 Bb4 4. e3 b6 5. Bd3 Bb7 6. Nf3 Ne4 7. Qc2 f5 8. O-O
Bxc3 9. bxc3 O-O 10. Ne1 c5 11. f3 Nd6 12. Ba3 Qc7 13. Rd1 Ba6 14. Qa4 Nb7 15.
e4 d6 16. d5 fxe4 17. fxe4 Rxf1+ 18. Bxf1 Qd7 19. Qc2 e5 20. Nf3 Qe7 21. Bc1
Nd7 22. Bg5 Qe8 23. Be2 Na5 24. Nh4 h6 25. Bc1 Nf6 26. Rf1 Qd8 27. Nf5 Kh7 28.
Qd3 Bc8 29. Qf3 Ne8 30. Nxh6 Qf6 31. Nf5 Bxf5 32. Qh5+ Kg8 33. Rxf5 g6 34. Qg4
Qg7 35. Rg5 Nf6 36. Qe6+ Kh8 37. Rg3 Nb7 38. Rh3+ Nh7 39. Bg5 Rf8 40. Bh6 Qf7
41. Bxf8 Qxf8 42. Qxg6 1-0

[Event "VII Open A"]
[Site "Bergamo ITA"]
[Date "2008.09.12"]
[Round "1"]
[White "Buriani, Andrea"]
[Black "Quagliarella, Sabino Remo"]
[Result "1-0"]
[WhiteElo "2149"]
[BlackElo "1925"]
[PlyCount "125"]
[EventDate "2008.09.12"]

1. d4 Nf6 2. Nf3 d5 3. e3 Bf5 4. c4 e6 5. Qb3 Qc8 6. cxd5 exd5 7. Nc3 c6 8. Nh4
Be6 9. f4 Be7 10. Bd3 Ne4 11. Nf3 Nd7 12. O-O O-O 13. Bd2 Ndf6 14. Rac1 Nxd2
15. Nxd2 Ne4 16. Bxe4 dxe4 17. d5 cxd5 18. f5 Bg5 19. Ne2 d4 20. fxe6 Bxe3+ 21.
Kh1 Qxe6 22. Rcd1 Qxb3 23. Nxb3 d3 24. Ng3 Rfe8 25. Rfe1 Bf2 26. Rxe4 Bxg3 27.
Rxe8+ Rxe8 28. hxg3 Re3 29. Kh2 g6 30. Nc1 Re5 31. Rxd3 Rh5+ 32. Kg1 b5 33. Nb3
b4 34. Kf2 a5 35. Rd4 Kg7 36. Rc4 Rf5+ 37. Ke3 Re5+ 38. Kd3 Rg5 39. g4 h5 40.
gxh5 Rg3+ 41. Kc2 a4 42. Nd2 b3+ 43. axb3 axb3+ 44. Nxb3 Rxg2+ 45. Nd2 gxh5 46.
b4 Rg5 47. Rc5 Rg4 48. Rc4 Rg5 49. Ne4 Rg2+ 50. Nd2 Rg5 51. Rc5 Rg4 52. b5 h4
53. Kc3 h3 54. Rh5 Rg3+ 55. Kc4 Kg6 56. Rh8 Kg7 57. Rh4 Rg2 58. Nf3 Rg3 59. b6
Kf6 60. b7 Rg8 61. Kc5 Ke7 62. Kc6 Rd8 63. Re4+ 1-0

[Event "VII Open A"]
[Site "Bergamo ITA"]
[Date "2008.09.12"]
[Round "1"]
[White "Dervishi, Erald"]
[Black "Bellavita, Guido"]
[Result "1-0"]
[WhiteElo "2544"]
[BlackElo "2101"]
[PlyCount "55"]
[EventDate "2008.09.12"]

1. e4 g6 2. d4 Bg7 3. Nf3 d6 4. Nc3 a6 5. a4 b6 6. Bc4 e6 7. O-O Ne7 8. Be3 h6
9. h3 Nd7 10. Re1 Bb7 11. Bf1 O-O 12. Qd2 Kh7 13. Nh2 f5 14. exf5 Nxf5 15. Rad1
Nf6 16. Qd3 Qd7 17. Bc1 Rae8 18. b3 Qc6 19. Nf3 Kg8 20. Bb2 g5 21. Ne2 Qe4 22.
Nh2 Nh4 23. Qxe4 Bxe4 24. Rd2 Nd5 25. Ng3 Bg6 26. Bxa6 Nb4 27. Bc4 d5 28. Bf1
1-0

[Event "VII Open A"]
[Site "Bergamo ITA"]
[Date "2008.09.12"]
[Round "1"]
[White "Elitropi, Giorgio"]
[Black "Salvador, Roland"]
[Result "0-1"]
[WhiteElo "2008"]
[BlackElo "2443"]
[PlyCount "102"]
[EventDate "2008.09.12"]

1. f4 c5 2. Nf3 Nc6 3. g3 d5 4. Bg2 Bg4 5. d3 e6 6. c3 f5 7. Nbd2 Nf6 8. O-O
Qc7 9. Qa4 a6 10. Re1 b5 11. Qc2 O-O-O 12. e4 c4 13. dxc4 fxe4 14. Nh4 bxc4 15.
Nf1 e5 16. b3 Bc5+ 17. Kh1 Be6 18. f5 Bf7 19. Bg5 cxb3 20. axb3 Kb7 21. Qe2 Ra8
22. Bxf6 gxf6 23. b4 Bb6 24. Nd2 Rhd8 25. Bf1 Nb8 26. Rec1 Ra7 27. Ng2 Qd7 28.
Nh4 Rc8 29. Rab1 Ka8 30. Ra1 Qd6 31. Ng2 Be8 32. Ne3 Bb5 33. c4 Rac7 34. Bg2
Bxe3 35. Qxe3 Bxc4 36. Nxc4 Rxc4 37. Rxc4 Rxc4 38. b5 Qc5 39. Qh6 e3 40. h3 Qd4
41. Kh2 Rc2 42. Rg1 e4 43. Qxh7 a5 44. b6 Qxb6 45. Qg8 Rd2 46. Qe6 Qd4 47. Rb1
e2 48. Qc8 Rb2 49. Ra1 Rb5 50. Qe8 Qxa1 51. Bxe4 e1=Q 0-1

[Event "VII Open A"]
[Site "Bergamo ITA"]
[Date "2008.09.12"]
[Round "1"]
[White "Ferretti, Folco"]
[Black "Corbellini, Nicola"]
[Result "1-0"]
[WhiteElo "2284"]
[BlackElo "1963"]
[PlyCount "57"]
[EventDate "2008.09.12"]

1. Nf3 Nf6 2. c4 c5 3. Nc3 Nc6 4. d4 cxd4 5. Nxd4 g6 6. e4 d6 7. Be2 Bg7 8. Nc2
O-O 9. O-O Be6 10. Rb1 Rc8 11. b3 a6 12. Bb2 Nd7 13. Nd5 Bxb2 14. Rxb2 Nc5 15.
f3 Bxd5 16. exd5 Ne5 17. Ne3 a5 18. f4 Ned7 19. Bf3 Qb6 20. Re1 Nf6 21. Qd4 Qa6
22. g4 b5 23. g5 Nfd7 24. Ng4 f6 25. Rxe7 Ne5 26. fxe5 fxe5 27. Nh6+ Kh8 28.
Rxe5 dxe5 29. Qxe5+ 1-0

[Event "VII Open A"]
[Site "Bergamo ITA"]
[Date "2008.09.12"]
[Round "1"]
[White "Giannetta, Paolo"]
[Black "Cecconi, Giovanni Alberto"]
[Result "0-1"]
[WhiteElo "1934"]
[BlackElo "2206"]
[PlyCount "60"]
[EventDate "2008.09.12"]

1. Nf3 f5 2. d4 Nf6 3. g3 g6 4. Bg2 Bg7 5. c4 d6 6. Nc3 O-O 7. O-O Nc6 8. d5
Ne5 9. Qb3 Kh8 10. Rd1 a6 11. Be3 h6 12. Bd4 Nfd7 13. Rac1 Qe8 14. Na4 b6 15.
Qc2 Nxf3+ 16. exf3 Nf6 17. Nc3 Qf7 18. Ne2 Bd7 19. Re1 g5 20. h4 Rae8 21. hxg5
hxg5 22. Bh3 Nh5 23. Bxg7+ Qxg7 24. g4 Nf4 25. Nxf4 gxf4 26. Kh2 fxg4 27. fxg4
Qg5 28. Qe4 Rf6 29. f3 Qh4 30. Rg1 Rh6 0-1

[Event "VII Open A"]
[Site "Bergamo ITA"]
[Date "2008.09.12"]
[Round "1"]
[White "Gilardi, Davide"]
[Black "Piantoni, Roberto"]
[Result "0-1"]
[WhiteElo "1819"]
[BlackElo "2119"]
[PlyCount "66"]
[EventDate "2008.09.12"]

1. d4 Nf6 2. c4 c5 3. d5 b5 4. a4 bxc4 5. Nc3 g6 6. e4 d6 7. Bxc4 Bg7 8. Nge2
O-O 9. O-O Na6 10. Bg5 h6 11. Bh4 Nb4 12. f4 Nd7 13. Qd2 Kh7 14. a5 Rb8 15. e5
dxe5 16. d6 f6 17. Nb5 exf4 18. Nxa7 Ne5 19. Nxc8 Nxc4 20. Qxf4 Nxd6 21. Nxd6
exd6 22. Rfd1 d5 23. Bg3 Ra8 24. Qd6 Qc8 25. Bf2 Re8 26. Nf4 d4 27. Rdc1 Ra6
28. Qxc5 Rc6 29. Qxc6 Nxc6 30. Bxd4 Qf5 31. Rxc6 Qxf4 32. Bc3 Re2 33. Rf1 Qe4
0-1

[Event "VII Open A"]
[Site "Bergamo ITA"]
[Date "2008.09.12"]
[Round "1"]
[White "Guglielmi, Dante"]
[Black "Vincenzi, Marco"]
[Result "0-1"]
[WhiteElo "1918"]
[BlackElo "2123"]
[PlyCount "88"]
[EventDate "2008.09.12"]

1. c4 Nf6 2. Nc3 g6 3. g3 Bg7 4. Bg2 O-O 5. e3 e5 6. Nge2 Nc6 7. O-O d6 8. d4
Bf5 9. a3 Qd7 10. Re1 e4 11. b4 Rae8 12. Qc2 g5 13. Bb2 Bg6 14. Nd5 Nxd5 15.
cxd5 Ne7 16. Bxe4 f5 17. Bd3 Nxd5 18. Rac1 Kh8 19. Nc3 Nf6 20. e4 fxe4 21. Nxe4
Nxe4 22. Bxe4 Rxe4 23. Rxe4 d5 24. Qxc7 Qxc7 25. Rxc7 Bxe4 26. Rxb7 a6 27. Rb6
Rf6 28. Rb8+ Bf8 29. Bc1 h6 30. f4 g4 31. f5 Kg8 32. a4 Kf7 33. b5 axb5 34.
axb5 Bd6 35. Ra8 Be7 36. Rb8 Rxf5 37. Bf4 Bf6 38. b6 Bxd4+ 39. Kf1 Be5 40. Rc8
Bxf4 41. gxf4 Rxf4+ 42. Ke1 d4 43. Rh8 Kg7 44. Rc8 Rf7 0-1

[Event "VII Open A"]
[Site "Bergamo ITA"]
[Date "2008.09.12"]
[Round "1"]
[White "Korneev, Oleg"]
[Black "Steffenello, Leonard"]
[Result "1/2-1/2"]
[WhiteElo "2631"]
[BlackElo "2118"]
[PlyCount "71"]
[EventDate "2008.09.12"]

1. e4 c6 2. c4 d5 3. exd5 Nf6 4. Nc3 cxd5 5. cxd5 Nxd5 6. Nf3 e6 7. Bc4 Nc6 8.
O-O Be7 9. d4 O-O 10. Re1 Bf6 11. Ne4 Nce7 12. Qd3 b6 13. Bd2 Bb7 14. Rad1 Ng6
15. g3 a6 16. h4 Re8 17. h5 Nf8 18. h6 g6 19. Ne5 Be7 20. a3 Nd7 21. Qf3 f5 22.
Nc3 N7f6 23. Bg5 Rc8 24. Rc1 Qd6 25. Bxf6 Bxf6 26. Bxd5 exd5 27. Qf4 Bxe5 28.
dxe5 Qe6 29. Rcd1 Rc4 30. Qf3 Rd8 31. b3 Rg4 32. Qg2 Ba8 33. f3 d4 34. Ne2 Qxb3
35. Rf1 d3 36. Nf4 {...} 1/2-1/2

[Event "VII Open A"]
[Site "Bergamo ITA"]
[Date "2008.09.12"]
[Round "1"]
[White "Lalic, Bogdan"]
[Black "Giancotti, Eraldo"]
[Result "1-0"]
[WhiteElo "2533"]
[BlackElo "2092"]
[PlyCount "103"]
[EventDate "2008.09.12"]

1. d4 g6 2. c4 Bg7 3. e4 d6 4. Nc3 Nf6 5. Nf3 O-O 6. Be2 e5 7. O-O exd4 8. Nxd4
Re8 9. f3 Nc6 10. Be3 Nh5 11. Qd2 Nxd4 12. Bxd4 Nf4 13. Rfd1 Bxd4+ 14. Qxd4 Qg5
15. Bf1 Be6 16. Qd2 Qe5 17. Rac1 Qc5+ 18. Kh1 Nh5 19. Nd5 Bxd5 20. cxd5 Qb6 21.
g3 Re7 22. Rc3 a6 23. Rb3 Qa7 24. Kg2 Ng7 25. Qb4 f5 26. Qxb7 fxe4 27. fxe4
Rxe4 28. Rc1 Ne8 29. Qxa7 Rxa7 30. Rc4 Re5 31. Ra4 Kf8 32. Rf3+ Ke7 33. Raf4
Rb7 34. Rf7+ Kd8 35. Rf2 a5 36. Rxh7 Rxd5 37. b3 Re5 38. Bd3 g5 39. Bg6 Re6 40.
Bf5 Re7 41. Rh5 Rg7 42. Bd3 Rb4 43. Rh8 Rd4 44. Bb5 Re7 45. Rff8 Rde4 46. h4
gxh4 47. gxh4 R7e5 48. a4 d5 49. h5 c6 50. Bxc6 Re2+ 51. Rf2 Rg5+ 52. Kf1 1-0